[Event "Isthmia op-A 2nd"]
[Site "Korinthos"]
[Date "2012.08.22"]
[Round "6"]
[White "Antic, Dejan"]
[Black "Aginian, Nelly"]
[Result "1-0"]
[WhiteElo "2506"]
[BlackElo "2245"]
[PlyCount "51"]
[EventDate "2012.08.18"]
[EventType "swiss"]
[EventRounds "9"]
[EventCountry "GRE"]
[SourceTitle "CBM 150 Extra"]
[Source "ChessBase"]
[SourceDate "2012.10.19"]
[SourceVersion "1"]
[SourceVersionDate "2012.10.19"]
[SourceQuality "1"]

1. d4 d5 2. c4 c6 3. Nf3 Nf6 4. Nc3 e6 5. g3 dxc4 6. Bg2 b5 7. Ne5 Nd5 8. e4 Nxc3 9. bxc3 Bb7 10. Qf3 Qf6 11. Bf4 Ba3 12. Rb1 Qe7 13. Bg5 Qc7 14. Bd8 Kxd8 15. Nxf7+ Ke8 16. Nxh8 g6 17. e5 Bf8 18. Rxb5 Bc8 19. 0-0 Bg7 20. Rc5 Bb7 21. Qg4 Bxh8 22. Qxe6+ Qe7 23. Qg8+ Kd7 24. Rb1 Kc7 25. Qxh8 a5 26. d5 1-0

[Event "Isthmia op-A 2nd"]
[Site "Korinthos"]
[Date "2012.08.19"]
[Round "3"]
[White "Aginian, Nelly"]
[Black "Goumas, Georgios"]
[Result "1/2-1/2"]
[WhiteElo "2245"]
[BlackElo "2409"]
[PlyCount "54"]
[EventDate "2012.08.18"]
[EventType "swiss"]
[EventRounds "9"]
[EventCountry "GRE"]
[SourceTitle "CBM 150 Extra"]
[Source "ChessBase"]
[SourceDate "2012.10.19"]
[SourceVersion "1"]
[SourceVersionDate "2012.10.19"]
[SourceQuality "1"]

1. e4 c5 2. Nf3 a6 3. c4 Nc6 4. d4 cxd4 5. Nxd4 e5 6. Nc2 Bc5 7. Be3 Bxe3 8. Nxe3 Nf6 9. Nc3 0-0 10. Be2 d6 11. 0-0 Be6 12. Qd2 Nd4 13. f3 Rc8 14. Bd3 Rc5 15. Rac1 Nh5 16. Ne2 Qg5 17. Rcd1 Nxe2+ 18. Qxe2 Nf4 19. Qd2 h5 20. Kh1 h4 21. b3 Rfc8 22. Rfe1 R5c6 23. Bf1 g6 24. Qf2 Kg7 25. Rd2 f5 26. exf5 gxf5 27. Red1 Rd8 1/2-1/2

[Event "Isthmia op-A 2nd"]
[Site "Korinthos"]
[Date "2012.08.19"]
[Round "2"]
[White "Pavlis, Antonios"]
[Black "Aginian, Nelly"]
[Result "0-1"]
[WhiteElo "1769"]
[BlackElo "2245"]
[PlyCount "46"]
[EventDate "2012.08.18"]
[EventType "swiss"]
[EventRounds "9"]
[EventCountry "GRE"]
[SourceTitle "CBM 150 Extra"]
[Source "ChessBase"]
[SourceDate "2012.10.19"]
[SourceVersion "1"]
[SourceVersionDate "2012.10.19"]
[SourceQuality "1"]

1. e4 e6 2. d4 d5 3. e5 c5 4. c3 Nc6 5. Nf3 Bd7 6. Bd3 Rc8 7. 0-0 cxd4 8. cxd4 Nb4 9. Nc3 Nxd3 10. Qxd3 a6 11. a3 h6 12. Re1 Ne7 13. h4 Nc6 14. b4 Na7 15. Bf4 Be7 16. Qd2 Bxh4 17. Nxd5 exd5 18. e6 Bxe6 19. Rxe6+ fxe6 20. Re1 0-0 21. Bxh6 Rxf3 22. gxf3 gxh6 23. Kh1 Qf6 0-1

[Event "Golden Sands Europe op 1st"]
[Site "Golden Sands"]
[Date "2012.06.07"]
[Round "4"]
[White "Lilov, Valeri"]
[Black "Aginian, Nelly"]
[Result "1-0"]
[WhiteElo "2430"]
[BlackElo "2254"]
[PlyCount "139"]
[EventDate "2012.06.04"]
[EventType "swiss"]
[EventRounds "9"]
[EventCountry "BUL"]
[SourceTitle "CBM 148 Extra"]
[Source "ChessBase"]
[SourceDate "2012.06.22"]
[SourceVersion "1"]
[SourceVersionDate "2012.06.22"]
[SourceQuality "1"]

1. d4 d5 2. Nf3 Nf6 3. Bg5 Ne4 4. Bf4 c6 5. e3 Bf5 6. Bd3 e6 7. 0-0 Bd6 8. Bxd6 Qxd6 9. Nh4 Bg6 10. f3 Nf6 11. Nxg6 hxg6 12. f4 g5 13. c3 gxf4 14. exf4 Nbd7 15. g3 0-0-0 16. Nd2 Rh6 17. Qe2 Rdh8 18. b4 g5 19. fxg5 Rxh2 20. Qxh2 Rxh2 21. Kxh2 Nh5 22. Rf3 Qe7 23. g4 Ng7 24. Rg3 Qxg5 25. Nf3 Qe3 26. Rd1 Ne8 27. g5 Nd6 28. Nd2 Qf4 29. Nf3 Ne4 30. Bxe4 dxe4 31. Ne1 Qh4+ 32. Kg2 Nb6 33. c4 Nxc4 34. Nc2 Nb2 35. Rh1 Qf4 36. Ne3 Nd3 37. Rf1 Qh4 38. Rg4 Qh7 39. g6 fxg6 40. Rxe4 g5 41. Rg4 Nf4+ 42. Kf3 Qh3+ 43. Rg3 Qh5+ 44. Rg4 Qh3+ 45. Rg3 Qh5+ 46. Rg4 Qh3+ 47. Rg3 Qh4 48. Rg4 Qh5 49. Rfg1 Qf7 50. Nc4 Qf6 51. Nd6+ Kd7 52. Ne4 Qf5 53. Rxg5 Qh3+ 54. R5g3 Qh5+ 55. Kxf4 Qh4+ 56. Kf3 c5 57. Nxc5+ Kc6 58. Nd3 Qh5+ 59. Ke3 Qh6+ 60. Rg5 Qh3+ 61. R1g3 Qh6 62. Ne5+ Kd6 63. Nc4+ Kc6 64. b5+ Kc7 65. Kd3 Qh4 66. Rg7+ Kd8 67. Nd2 Qh2 68. Rg8+ Kc7 69. Nc4 Qh7+ 70. Kc3 1-0

[Event "Golden Sands Europe op 1st"]
[Site "Golden Sands"]
[Date "2012.06.04"]
[Round "1"]
[White "Aginian, Nelly"]
[Black "Efimenko, Zahar"]
[Result "0-1"]
[WhiteElo "2254"]
[BlackElo "2689"]
[PlyCount "92"]
[EventDate "2012.06.04"]
[EventType "swiss"]
[EventRounds "9"]
[EventCountry "BUL"]
[SourceTitle "CBM 148 Extra"]
[Source "ChessBase"]
[SourceDate "2012.06.22"]
[SourceVersion "1"]
[SourceVersionDate "2012.06.22"]
[SourceQuality "1"]

1. e4 e5 2. Nf3 Nc6 3. Bb5 a6 4. Bxc6 dxc6 5. 0-0 Be7 6. d3 Bf6 7. Nbd2 Ne7 8. b3 c5 9. a4 Nc6 10. Nc4 0-0 11. h3 Re8 12. a5 b5 13. axb6 cxb6 14. Bb2 Nd4 15. Ne3 Be6 16. Ng4 Bxg4 17. hxg4 Qd7 18. Nd2 b5 19. Nb1 Ne6 20. Nc3 Nc7 21. Qe2 Re6 22. Ra5 Bd8 23. Rfa1 Rg6 24. Nd1 Ne6 25. R5a2 Nd4 26. Bxd4 exd4 27. f3 Bc7 28. Nf2 Bf4 29. Nh3 Be3+ 30. Kh2 Qc7+ 31. g3 a5 32. Kg2 h5 33. Rf1 a4 34. Rfa1 hxg4 35. fxg4 Qd7 36. c4 Re8 37. cxb5 axb3 38. Ra7 Qxb5 39. Rf1 Rf8 40. Nf4 Bxf4 41. gxf4 b2 42. Qc2 Rxg4+ 43. Kf3 Rg6 44. Ra2 f5 45. Qc4+ Qxc4 46. dxc4 Rb6 0-1

[Event "Albena Masters op"]
[Site "Albena"]
[Date "2012.06.01"]
[Round "7"]
[White "Baghdasaryan, Vahe"]
[Black "Aginian, Nelly"]
[Result "0-1"]
[WhiteElo "2409"]
[BlackElo "2254"]
[PlyCount "68"]
[EventDate "2012.05.26"]
[EventType "swiss"]
[EventRounds "9"]
[EventCountry "BUL"]
[SourceTitle "CBM 148 Extra"]
[Source "ChessBase"]
[SourceDate "2012.06.22"]
[SourceVersion "1"]
[SourceVersionDate "2012.06.22"]
[SourceQuality "1"]

1. c4 c6 2. e4 d5 3. exd5 cxd5 4. d4 Nf6 5. Nc3 e6 6. Nf3 Be7 7. Bf4 0-0 8. c5 Nc6 9. Bd3 b6 10. Bb5 Bd7 11. Bxc6 Bxc6 12. Ne5 Qe8 13. b4 Ne4 14. Qd3 Nxc3 15. Qxc3 Bb5 16. Kd2 f6 17. Nf3 bxc5 18. bxc5 e5 19. Be3 e4 20. Ne1 Bc4 21. Nc2 Bd8 22. a3 Bc7 23. g3 Rb8 24. Rab1 Qh5 25. Kc1 Rxb1+ 26. Kxb1 Rb8+ 27. Ka1 Rb3 28. Qd2 Qe8 29. Bf4 Bxf4 30. Qxf4 Qa4 31. Qd6 Rxa3+ 32. Kb1 Rc3 33. Qe6+ Kf8 34. Qc8+ Kf7 0-1

[Event "Albena Masters op"]
[Site "Albena"]
[Date "2012.05.30"]
[Round "5"]
[White "Steil Antoni, Fiona"]
[Black "Aginian, Nelly"]
[Result "1/2-1/2"]
[WhiteElo "2142"]
[BlackElo "2254"]
[PlyCount "25"]
[EventDate "2012.05.26"]
[EventType "swiss"]
[EventRounds "9"]
[EventCountry "BUL"]
[SourceTitle "CBM 148 Extra"]
[Source "ChessBase"]
[SourceDate "2012.06.22"]
[SourceVersion "1"]
[SourceVersionDate "2012.06.22"]
[SourceQuality "1"]

1. e4 e6 2. d4 d5 3. Nc3 Nf6 4. Bg5 dxe4 5. Nxe4 Nbd7 6. Nxf6+ Nxf6 7. c3 h6 8. Bh4 c5 9. Bxf6 gxf6 10. Qf3 Be7 11. Bb5+ Kf8 12. dxc5 Qa5 13. a4 1/2-1/2

[Event "Albena Masters op"]
[Site "Albena"]
[Date "2012.05.28"]
[Round "3"]
[White "Nikolov, Momchil"]
[Black "Aginian, Nelly"]
[Result "1-0"]
[WhiteElo "2553"]
[BlackElo "2254"]
[PlyCount "101"]
[EventDate "2012.05.26"]
[EventType "swiss"]
[EventRounds "9"]
[EventCountry "BUL"]
[SourceTitle "CBM 148 Extra"]
[Source "ChessBase"]
[SourceDate "2012.06.22"]
[SourceVersion "1"]
[SourceVersionDate "2012.06.22"]
[SourceQuality "1"]

1. d4 d5 2. Nf3 Nf6 3. c4 c6 4. Nc3 e6 5. Bg5 h6 6. Bxf6 Qxf6 7. e3 Nd7 8. Bd3 dxc4 9. Bxc4 g6 10. 0-0 Bg7 11. Rc1 0-0 12. Bb3 Qe7 13. Na4 Rd8 14. Qc2 Nb6 15. Nc5 Nd5 16. Ne5 Qc7 17. Ncd3 Bd7 18. a3 Be8 19. Ba2 Qe7 20. Qe2 Rac8 21. f4 f6 22. Nf3 Bf7 23. h3 g5 24. fxg5 hxg5 25. e4 Nf4 26. Nxf4 gxf4 27. Qf2 b6 28. b4 Bh5 29. d5 cxd5 30. Rxc8 Rxc8 31. exd5 exd5 32. Bxd5+ Bf7 33. Re1 Qd7 34. Bxf7+ Qxf7 35. Nd4 f5 36. Ne6 Bc3 37. Re2 Rc4 38. Qf3 Bf6 39. Qa8+ Kh7 40. Qd5 Rc1+ 41. Kh2 Kg8 42. Qxf5 Rc6 43. Qxf4 Rc3 44. Ng5 Qg6 45. Ne4 Rc6 46. Qb8+ Kh7 47. Nxf6+ Qxf6 48. Qxa7+ Kg6 49. Qb8 Rd6 50. Qg8+ Kh6 51. Qg3 1-0

[Event "Voronezh op-A 15th"]
[Site "Voronezh"]
[Date "2011.06.20"]
[Round "8"]
[White "Kurukin, Dmitry"]
[Black "Aginian, Nelly"]
[Result "1-0"]
[WhiteElo "2409"]
[BlackElo "2284"]
[PlyCount "91"]
[EventDate "2011.06.12"]
[EventType "swiss"]
[EventRounds "9"]
[EventCountry "RUS"]
[SourceTitle "CBM 143 Extra"]
[Source "ChessBase"]
[SourceDate "2011.08.29"]
[SourceVersion "1"]
[SourceVersionDate "2011.08.29"]
[SourceQuality "1"]

1. d4 d5 2. c4 c6 3. Nf3 Nf6 4. Nc3 e6 5. Qd3 dxc4 6. Qxc4 b5 7. Qd3 a6 8. e4 c5 9. e5 c4 10. Qb1 Nd5 11. a4 b4 12. Ne4 Nc6 13. Bxc4 Nb6 14. Bg5 Qd7 15. Be2 Nxd4 16. Nxd4 Qxd4 17. Be3 Qd8 18. 0-0 Be7 19. Rd1 Nd5 20. Bc4 Bb7 21. Bc5 0-0 22. Nd6 Bxd6 23. Bxd6 Nf4 24. Rd4 Nxg2 25. Be2 Nh4 26. Qd3 Qg5+ 27. Rg4 Qh6 28. Qe3 g5 29. Qxg5+ Qxg5 30. Rxg5+ Ng6 31. Rg4 Rfc8 32. Rxb4 Bd5 33. Bd3 a5 34. Rd4 Rc6 35. f4 Rac8 36. f5 Nf8 37. Kf2 f6 38. Rg1+ Kh8 39. Rdg4 exf5 40. Bxf5 Ne6 41. Be7 Ng5 42. Bxc8 Nh3+ 43. Ke3 Nxg1 44. Bxf6+ Rxf6 45. exf6 Nf3 46. f7 1-0

[Event "Voronezh op-A 15th"]
[Site "Voronezh"]
[Date "2011.06.19"]
[Round "7"]
[White "Aginian, Nelly"]
[Black "Sokolovsky, Victor"]
[Result "1-0"]
[WhiteElo "2284"]
[BlackElo "2047"]
[PlyCount "48"]
[EventDate "2011.06.12"]
[EventType "swiss"]
[EventRounds "9"]
[EventCountry "RUS"]
[SourceTitle "CBM 143 Extra"]
[Source "ChessBase"]
[SourceDate "2011.08.29"]
[SourceVersion "1"]
[SourceVersionDate "2011.08.29"]
[SourceQuality "1"]

1. e4 e5 2. Nf3 Nc6 3. Bb5 Nd4 4. Nxd4 exd4 5. 0-0 c6 6. Bc4 d5 7. exd5 Bd6 8. Re1+ Ne7 9. dxc6 Qc7 10. Qh5 0-0 11. d3 g6 12. Qf3 Be6 13. Bh6 Rfe8 14. Rxe6 Nf5 15. Rxe8+ Rxe8 16. Bd2 Bxh2+ 17. Kh1 Bd6 18. Na3 Qe7 19. g3 Qf6 20. Kg2 h5 21. Nb5 Be5 22. Re1 Kg7 23. Nxd4 Rh8 24. Nxf5+ gxf5 1-0

[Event "EU-ch (Women) 12th"]
[Site "Tbilisi"]
[Date "2011.05.18"]
[Round "11"]
[White "Aginian, Nelly"]
[Black "Gevorgyan, Maria"]
[Result "1-0"]
[WhiteElo "2284"]
[BlackElo "2065"]
[PlyCount "113"]
[EventDate "2011.05.07"]
[EventType "swiss"]
[EventRounds "11"]
[EventCountry "GEO"]
[SourceTitle "CBM 142 Extra"]
[Source "ChessBase"]
[SourceDate "2011.06.27"]
[SourceVersion "1"]
[SourceVersionDate "2011.06.27"]
[SourceQuality "1"]

1. e4 e5 2. Nf3 Nf6 3. Nxe5 d6 4. Nf3 Nxe4 5. d3 Nf6 6. d4 d5 7. c4 Be7 8. Nc3 0-0 9. cxd5 Nxd5 10. Bd3 Nc6 11. 0-0 Bg4 12. h3 Be6 13. Re1 Bf6 14. Bb1 Nde7 15. Bg5 Bxg5 16. Nxg5 Bf5 17. d5 Nb8 18. Qf3 Bxb1 19. Raxb1 h6 20. Nge4 Nd7 21. Rbd1 Ng6 22. Qg3 Kh7 23. Nb5 f5 24. Nd2 f4 25. Qd3 a6 26. Nd4 Nc5 27. Qc2 Qxd5 28. N2f3 Rae8 29. Ne6 Qxe6 30. Rxe6 Nxe6 31. h4 h5 32. Rd5 Kh6 33. Qd1 Rd8 34. Rxd8 Rxd8 35. Qb3 Rd6 36. Qxb7 Ngf8 37. Qe4 Nd7 38. Qf5 g6 39. Qc2 Kg7 40. Qc3+ Nf6 41. Ng5 Nd4 42. Qxc7+ Rd7 43. Qe5 Nc6 44. Qxf4 Rd1+ 45. Kh2 Ng4+ 46. Kg3 Nd8 47. Qc7+ Kf8 48. Qc5+ Ke8 49. f3 Rd3 50. Qc4 Ne5 51. Qxa6 Ke7 52. b4 Ndc6 53. b5 Nd4 54. Qb7+ Kf6 55. Ne4+ Kf5 56. Qe7 Ne2+ 57. Kf2 1-0

[Event "EU-ch (Women) 12th"]
[Site "Tbilisi"]
[Date "2011.05.17"]
[Round "10"]
[White "Zhukova, Natalia"]
[Black "Aginian, Nelly"]
[Result "1-0"]
[WhiteElo "2428"]
[BlackElo "2284"]
[PlyCount "63"]
[EventDate "2011.05.07"]
[EventType "swiss"]
[EventRounds "11"]
[EventCountry "GEO"]
[SourceTitle "CBM 142 Extra"]
[Source "ChessBase"]
[SourceDate "2011.06.27"]
[SourceVersion "1"]
[SourceVersionDate "2011.06.27"]
[SourceQuality "1"]

1. d4 d5 2. c4 c6 3. Nf3 Nf6 4. Nc3 e6 5. e3 Nbd7 6. Qc2 b6 7. Bd3 Bb7 8. 0-0 Bd6 9. b3 0-0 10. Bb2 h6 11. Rad1 Qc7 12. e4 dxe4 13. Nxe4 Nxe4 14. Bxe4 Rad8 15. Qe2 Rfe8 16. Ne5 Nf6 17. Bf3 a5 18. h3 a4 19. bxa4 Ra8 20. Qc2 Ra7 21. c5 bxc5 22. Nc4 Bf8 23. dxc5 Nd7 24. Nd6 Rea8 25. Nxf7 Nxc5 26. Bh5 Qf4 27. Ne5 Qf5 28. Bf7+ Kh8 29. Qc1 Rxa4 30. g4 Qe4 31. Rfe1 Qb4 32. Nd3 1-0

[Event "EU-ch (Women) 12th"]
[Site "Tbilisi"]
[Date "2011.05.11"]
[Round "5"]
[White "Aginian, Nelly"]
[Black "Goryachkina, Aleksandra"]
[Result "0-1"]
[WhiteElo "2284"]
[BlackElo "2103"]
[PlyCount "58"]
[EventDate "2011.05.07"]
[EventType "swiss"]
[EventRounds "11"]
[EventCountry "GEO"]
[SourceTitle "CBM 142 Extra"]
[Source "ChessBase"]
[SourceDate "2011.06.27"]
[SourceVersion "1"]
[SourceVersionDate "2011.06.27"]
[SourceQuality "1"]

1. e4 c5 2. Nf3 d6 3. d4 cxd4 4. Nxd4 Nf6 5. Nc3 a6 6. Be3 e6 7. f3 b5 8. g4 h6 9. h4 b4 10. Na4 Bd7 11. b3 Bxa4 12. bxa4 Qc7 13. Rg1 Be7 14. Qd2 Nfd7 15. g5 Nc6 16. 0-0-0 hxg5 17. hxg5 Nc5 18. g6 f6 19. Bc4 Nxd4 20. Bxd4 Nxe4 21. Qe2 d5 22. Bb3 Rh2 23. Qe3 Bd6 24. Kb2 Bf4 25. Qe1 Bd2 26. Rxd2 Rxd2 27. fxe4 Rxd4 28. exd5 Qe5 29. Qxe5 fxe5 0-1

[Event "Olympiad Women-39"]
[Site "Khanty-Mansiysk"]
[Date "2010.09.28"]
[Round "7.5"]
[White "Aginian, Nelly"]
[Black "Baginskaite, Camilla"]
[Result "1/2-1/2"]
[WhiteElo "2282"]
[BlackElo "2328"]
[PlyCount "79"]
[EventDate "2010.09.21"]
[EventType "team-swiss"]
[EventRounds "11"]
[EventCountry "RUS"]
[SourceTitle "CBM 139"]
[Source "ChessBase"]
[SourceDate "2010.11.18"]
[SourceVersion "1"]
[SourceVersionDate "2010.11.18"]
[SourceQuality "1"]
[WhiteTeam "Armenia (W)"]
[BlackTeam "United States (W)"]
[WhiteTeamCountry "ARM"]
[BlackTeamCountry "USA"]

1. e4 e5 2. Nf3 Nc6 3. Bb5 Nf6 4. 0-0 Nxe4 5. Re1 Nd6 6. Nxe5 Nxe5 7. Rxe5+ Be7 8. Bf1 0-0 9. d4 Bf6 10. Re1 Nf5 11. d5 Re8 12. Nd2 Rxe1 13. Qxe1 d6 14. Ne4 Bd4 15. c3 Bb6 16. Bg5 f6 17. Bf4 Qe7 18. Bd3 Bd7 19. Qe2 Qf7 20. a4 a5 21. Bb5 Re8 22. Bxd7 Qxd7 23. Re1 Kh8 24. Qg4 g6 25. Qd1 Kg7 26. Re2 g5 27. Bd2 Nh4 28. Ng3 Re5 29. Rxe5 dxe5 30. Be3 Qd6 31. Ne4 Qd7 32. Bxb6 cxb6 33. b3 h6 34. h3 f5 35. Ng3 Qd6 36. Qd3 Kf6 37. Nh5+ Kf7 38. Ng3 Kf6 39. Nh5+ Kf7 40. Ng3 1/2-1/2

[Event "Negroponte op"]
[Site "Chalkis"]
[Date "2010.08.10"]
[Round "2"]
[White "Aginian, Nelly"]
[Black "Andriasian, Zaven"]
[Result "0-1"]
[WhiteElo "2290"]
[BlackElo "2588"]
[PlyCount "72"]
[EventDate "2010.08.09"]
[EventType "swiss"]
[EventRounds "9"]
[EventCountry "GRE"]
[SourceTitle "CBM 137 Extra"]
[Source "ChessBase"]
[SourceDate "2010.09.01"]
[SourceVersion "1"]
[SourceVersionDate "2010.09.01"]
[SourceQuality "1"]

1. e4 d6 2. d4 Nf6 3. Nc3 g6 4. Nf3 Bg7 5. Be2 0-0 6. 0-0 c6 7. a4 Bg4 8. h3 Bxf3 9. Bxf3 Nbd7 10. Be3 e6 11. Qd2 d5 12. e5 Ne8 13. Bg5 f6 14. exf6 Bxf6 15. Bh6 Ng7 16. Ne2 e5 17. c4 dxc4 18. d5 e4 19. Bxe4 Nc5 20. Nc3 Nb3 21. Qe2 Nxa1 22. dxc6 bxc6 23. Rxa1 Kh8 24. Qxc4 Qb6 25. Qe2 Bd4 26. Bf3 Rfe8 27. Bxg7+ Kxg7 28. Qc2 Rab8 29. Rd1 c5 30. Ne4 Qxb2 31. Qc4 Rbd8 32. Rd2 Qb4 33. Qc2 Be5 34. g3 Rxd2 35. Nxd2 Qc3 36. Qa2 Rd8 0-1

[Event "EU-ch (Women) 11th"]
[Site "Rijeka"]
[Date "2010.03.14"]
[Round "8"]
[White "Danelia, Mariam"]
[Black "Aginian, Nelly"]
[Result "1/2-1/2"]
[WhiteElo "2199"]
[BlackElo "2296"]
[PlyCount "77"]
[EventDate "2010.03.06"]
[EventType "swiss"]
[EventRounds "11"]
[EventCountry "CRO"]
[SourceTitle "CBM 135 Extra"]
[Source "ChessBase"]
[SourceDate "2010.05.04"]
[SourceVersion "1"]
[SourceVersionDate "2010.05.04"]
[SourceQuality "1"]

1. d4 d5 2. c4 c6 3. Nf3 Nf6 4. Nc3 e6 5. Bg5 h6 6. Bh4 dxc4 7. e4 g5 8. Bg3 b5 9. Be2 Bb7 10. Ne5 Nbd7 11. Qc2 Bg7 12. Rd1 Qe7 13. h4 a6 14. hxg5 hxg5 15. Rxh8+ Bxh8 16. a4 Nb6 17. a5 Nbd7 18. Nxd7 Nxd7 19. e5 0-0-0 20. Ne4 f5 21. Nd6+ Kb8 22. b3 cxb3 23. Qxb3 Bg7 24. Rb1 Rh8 25. f3 Qd8 26. Qa2 Rh1+ 27. Kf2 Rxb1 28. Qxb1 Qxa5 29. Nxf5 exf5 30. Qxf5 Qd8 31. Qf7 Nxe5 32. Qxg7 Qxd4+ 33. Kf1 Qa1+ 34. Kf2 Qd4+ 35. Ke1 Qc3+ 36. Kf2 Qc5+ 37. Kf1 Qc1+ 38. Kf2 Qc5+ 39. Kf1 1/2-1/2

[Event "EU-ch (Women) 11th"]
[Site "Rijeka"]
[Date "2010.03.10"]
[Round "5"]
[White "Aginian, Nelly"]
[Black "Schut, Lisa"]
[Result "0-1"]
[WhiteElo "2296"]
[BlackElo "2224"]
[PlyCount "152"]
[EventDate "2010.03.06"]
[EventType "swiss"]
[EventRounds "11"]
[EventCountry "CRO"]
[SourceTitle "CBM 135 Extra"]
[Source "ChessBase"]
[SourceDate "2010.05.04"]
[SourceVersion "1"]
[SourceVersionDate "2010.05.04"]
[SourceQuality "1"]

1. e4 c5 2. Nf3 d6 3. d4 cxd4 4. Nxd4 Nf6 5. Nc3 a6 6. Be3 e5 7. Nf3 Be7 8. Bc4 0-0 9. 0-0 Nc6 10. Re1 Be6 11. Nd5 Bxd5 12. exd5 b5 13. Bf1 Nb4 14. c4 bxc4 15. Bxc4 Qa5 16. Bd2 Qc5 17. Rc1 Nbxd5 18. Bg5 Qa5 19. a3 Nb6 20. Bd2 Qa4 21. Bb3 Qg4 22. Ba5 Nbd7 23. h3 Qh5 24. Bb4 Rab8 25. Re3 Rfc8 26. Rxc8+ Rxc8 27. Bxd6 Bxd6 28. Qxd6 Rc1+ 29. Ne1 h6 30. Qxa6 Nc5 31. Qc8+ Kh7 32. Bc2+ e4 33. g4 Qd5 34. Kh2 Qe5+ 35. Kg2 Ne6 36. Bxe4+ Qxe4+ 37. Rxe4 Rxc8 38. Rb4 Nd5 39. Rb7 Ndf4+ 40. Kh2 f6 41. a4 Rc1 42. Nf3 Rc2 43. Kg3 Nd3 44. a5 Rxb2 45. a6 Ra2 46. a7 Ndc5 47. Re7 Ne4+ 48. Kh2 N6g5 49. Nxg5+ Nxg5 50. Kg2 Ra4 51. h4 Rxg4+ 52. Kf1 Ra4 53. hxg5 hxg5 54. Kg2 Ra3 55. Rb7 Kh6 56. Rf7 Kg6 57. Rb7 f5 58. Rb6+ Kh5 59. Rb7 Kh6 60. Rb6+ Kh5 61. Rb7 Kh6 62. Rb6+ g6 63. Rb7 g4 64. Re7 Kh5 65. Rh7+ Kg5 66. Rb7 Ra2 67. Rg7 f4 68. Kg1 Kf5 69. Rf7+ Ke4 70. Kg2 g3 71. a8Q+ Rxa8 72. Re7+ Kf5 73. Re1 Kg4 74. f3+ Kg5 75. Re7 Ra2+ 76. Kg1 Rf2 0-1

[Event "EU-ch (Women) 11th"]
[Site "Rijeka"]
[Date "2010.03.09"]
[Round "4"]
[White "Mkrtchian, Lilit"]
[Black "Aginian, Nelly"]
[Result "1/2-1/2"]
[WhiteElo "2500"]
[BlackElo "2296"]
[PlyCount "56"]
[EventDate "2010.03.06"]
[EventType "swiss"]
[EventRounds "11"]
[EventCountry "CRO"]
[SourceTitle "CBM 135 Extra"]
[Source "ChessBase"]
[SourceDate "2010.05.04"]
[SourceVersion "1"]
[SourceVersionDate "2010.05.04"]
[SourceQuality "1"]

1. Nf3 Nf6 2. e3 d5 3. b3 g6 4. Bb2 Bg7 5. c4 c6 6. h3 0-0 7. Be2 Nbd7 8. 0-0 Re8 9. d4 Ne4 10. Nc3 Ndf6 11. Nxe4 Nxe4 12. Qc1 Bf5 13. c5 f6 14. b4 e5 15. a4 Bd7 16. Ra3 Qe7 17. Re1 g5 18. Nh2 f5 19. Nf3 g4 20. hxg4 fxg4 21. Nd2 Nxf2 22. Kxf2 Qh4+ 23. Kg1 Rf8 24. dxe5 Qf2+ 25. Kh1 Qh4+ 26. Kg1 Qf2+ 27. Kh1 Qh4+ 28. Kg1 Qf2+ 1/2-1/2

[Event "Groningen op-A"]
[Site "Groningen"]
[Date "2009.12.21"]
[Round "1"]
[White "Aginian, Nelly"]
[Black "Warmelink, Evie"]
[Result "1-0"]
[WhiteElo "2304"]
[BlackElo "1970"]
[PlyCount "37"]
[EventDate "2009.12.21"]
[EventType "swiss"]
[EventRounds "9"]
[EventCountry "NED"]
[SourceTitle "CBM 134 Extra"]
[Source "ChessBase"]
[SourceDate "2010.03.03"]
[SourceVersion "1"]
[SourceVersionDate "2010.03.03"]
[SourceQuality "1"]

1. e4 c5 2. Nf3 d6 3. d4 cxd4 4. Nxd4 Nf6 5. Nc3 e6 6. Be3 Nc6 7. f3 Be7 8. Qd2 0-0 9. g4 Nd7 10. 0-0-0 a6 11. h4 Nde5 12. Qg2 b5 13. Nxc6 Nxc6 14. g5 b4 15. Na4 Bd7 16. Nb6 Rb8 17. Nc4 Qc7 18. Qd2 d5 19. exd5 1-0

[Event "EU-chT (Women) 08th"]
[Site "Novi Sad"]
[Date "2009.10.30"]
[Round "9"]
[White "Aginian, Nelly"]
[Black "Gunina, Valentina"]
[Result "1/2-1/2"]
[WhiteElo "2307"]
[BlackElo "2437"]
[PlyCount "102"]
[EventDate "2009.10.22"]
[EventType "team-swiss"]
[EventRounds "9"]
[EventCountry "YUG"]
[SourceTitle "EXT 2010"]
[Source "ChessBase"]
[SourceDate "2010.11.25"]
[SourceVersion "1"]
[SourceVersionDate "2010.11.25"]
[SourceQuality "1"]
[WhiteTeam "Armenia (W)"]
[BlackTeam "Russia (W)"]
[WhiteTeamCountry "ARM"]
[BlackTeamCountry "RUS"]

1. e4 c6 2. d4 d5 3. Nc3 dxe4 4. Nxe4 Bf5 5. Ng3 Bg6 6. h4 h6 7. Nf3 Nd7 8. h5 Bh7 9. Bd3 Bxd3 10. Qxd3 e6 11. Bd2 Ngf6 12. 0-0-0 Be7 13. Ne4 Nxe4 14. Qxe4 Nf6 15. Qe2 Qd5 16. c4 Qe4 17. Qxe4 Nxe4 18. Be3 Nd6 19. b3 0-0 20. g4 f5 21. Ne5 fxg4 22. Ng6 Rf7 23. Rhg1 Ne4 24. Rxg4 Ba3+ 25. Kc2 Nxf2 26. Bxf2 Rxf2+ 27. Rd2 Rxd2+ 28. Kxd2 Bd6 29. Rg2 Rd8 30. Kd3 Bc7 31. Re2 c5 32. d5 exd5 33. Re7 dxc4+ 34. Kxc4 Rd4+ 35. Kb5 Bd8 36. Rxb7 Rb4+ 37. Kc6 Rxb7 38. Kxb7 a5 39. Ne5 Bf6 40. Nf3 Kf7 41. Kb6 g6 42. hxg6+ Kxg6 43. Kxa5 Kf5 44. Kb5 Kf4 45. Ne1 h5 46. a4 Bc3 47. Ng2+ Kg3 48. Ne3 Kf3 49. Nf5 Kf4 50. Nh4 Kg4 51. Ng2 Kf3 1/2-1/2

[Event "EU-chT (Women) 08th"]
[Site "Novi Sad"]
[Date "2009.10.22"]
[Round "1"]
[White "Ambrosi, Eleonora"]
[Black "Aginian, Nelly"]
[Result "1/2-1/2"]
[WhiteElo "2159"]
[BlackElo "2307"]
[PlyCount "75"]
[EventDate "2009.10.22"]
[EventType "team-swiss"]
[EventRounds "9"]
[EventCountry "YUG"]
[SourceTitle "EXT 2010"]
[Source "ChessBase"]
[SourceDate "2010.11.25"]
[SourceVersion "1"]
[SourceVersionDate "2010.11.25"]
[SourceQuality "1"]
[WhiteTeam "Italy (W)"]
[BlackTeam "Armenia (W)"]
[WhiteTeamCountry "ITA"]
[BlackTeamCountry "ARM"]

1. e4 e6 2. d4 d5 3. Nc3 Nf6 4. e5 Nfd7 5. f4 c5 6. Nf3 Nc6 7. Be3 cxd4 8. Nxd4 Bc5 9. Qd2 0-0 10. g3 a6 11. Bg2 Qc7 12. 0-0 Nxd4 13. Bxd4 b5 14. Ne2 Nb6 15. b3 a5 16. a3 Bd7 17. Kh1 a4 18. Bxc5 Qxc5 19. b4 Qe7 20. Nd4 Rac8 21. Rf3 Nc4 22. Qf2 f6 23. exf6 Rxf6 24. Re1 Rcf8 25. Bf1 Qd6 26. Bxc4 dxc4 27. Re5 h6 28. Qe3 g5 29. Kg2 gxf4 30. Rxf4 Rxf4 31. gxf4 Rf6 32. Qe4 Kg7 33. Kf2 c3 34. Qg2+ Rg6 35. Qe4 Rf6 36. Qg2+ Rg6 37. Qe4 Rf6 38. Qg2+ 1/2-1/2